Logic And Computer Design Fundamentals (Record no. 23509)

000 -LEADER
fixed length control field 00353nam a22001217a 4500
008 - FIXED-LENGTH DATA ELEMENTS--GENERAL INFORMATION
fixed length control field 131105b xxu||||| |||| 00| 0 eng d
020 ## - INTERNATIONAL STANDARD BOOK NUMBER
International Standard Book Number 0130124680
Terms of availability Available
050 ## - LIBRARY OF CONGRESS CALL NUMBER
Classification number 621.39MAN
082 ## - DEWEY DECIMAL CLASSIFICATION NUMBER
Edition number Second Edition
100 ## - MAIN ENTRY--PERSONAL NAME
Miscellaneous information PB (iii)- 652 pges
245 ## - TITLE STATEMENT
Title Logic And Computer Design Fundamentals
Statement of responsibility, etc. Mano Morris M
260 ## - PUBLICATION, DISTRIBUTION, ETC.
Place of publication, distribution, etc. New Jersey
Name of publisher, distributor, etc. Prentice-Hall
Date of publication, distribution, etc. 2000
Holdings
Withdrawn status Lost status Source of classification or shelving scheme Damaged status Not for loan Permanent Location Current Location Shelving location Date acquired Full call number Barcode Date last seen Price effective from Koha item type
          NUST Baluchistan Campus (NBC) NUST Baluchistan Campus (NBC) General Stacks 11/05/2013 621..395MAN RCMS001005 11/05/2013 11/05/2013 Book
© 2023 Central Library, National University of Sciences and Technology. All Rights Reserved.